Score 0/40 Timer 05:00
4 Plays Today
% Correct
At
94.5%
All
94.4%
Are
94%
Allan
94%
Angeles
93.8%
After
92.7%
Air
91.8%
Amadeus
91%
Angry
91%
About
90.9%
Arab
90.5%
Antonio
90.3%
Actors
90.2%
Au
89.9%
Am
89.9%
Agatha
88.9%
African
85.4%
Agent
85%
Access
83.1%
Away
81.3%
% Correct
Alarm
79.7%
Ann
78.3%
Andromeda
76.2%
Ask
75.9%
Action
75.4%
Advocate
74.2%
Alva
72.1%
Amber
71.5%
American
71.3%
Aided
71.1%
Automobile
70.7%
Abram
70.7%
Ain't
70.6%
Anton
68.8%
Asphalt
66.5%
Area
63.5%
Above
62.9%
Art├ęsien
61.1%
Audio
54.4%
Annie
42.5%
Remove Ads.
Support Sporcle.
Get the best of Sporcle when you Go Orange. This ad-free experience offers more features, more stats, and more fun while also helping to support Sporcle. Thank you for becoming a member.

You're not logged in!

Compare scores with friends on all Sporcle quizzes.
OR
Log In

Show Comments

Extras

Top Quizzes Today


Score Distribution

Your Account Isn't Verified!

In order to create a playlist on Sporcle, you need to verify the email address you used during registration. Go to your Sporcle Settings to finish the process.

Report this User

Report this user for behavior that violates our Community Guidelines.

Details: